SOUTH ASIAN EDITION OF STOKLOSA AND ANSEL,S PHARMACEUTICAL CALCULATION'S (Record no. 8631)

MARC details
000 -LEADER
fixed length control field 00490nam a22001817a 4500
005 - DATE AND TIME OF LATEST TRANSACTION
control field 20240902134850.0
008 - FIXED-LENGTH DATA ELEMENTS--GENERAL INFORMATION
fixed length control field 240902b |||||||| |||| 00| 0 eng d
020 ## - INTERNATIONAL STANDARD BOOK NUMBER
ISBN 978-93-90612-72-7
041 ## - LANGUAGE CODE
Language code of text/sound track or separate title eng
082 ## - DEWEY DECIMAL CLASSIFICATION NUMBER
Classification number 615.1 STO
100 ## - MAIN ENTRY--AUTHOR NAME
Personal name STOCKTON, SHELLY J.
245 ## - TITLE STATEMENT
Title SOUTH ASIAN EDITION OF STOKLOSA AND ANSEL,S PHARMACEUTICAL CALCULATION'S
250 ## - EDITION STATEMENT
Edition statement 16TH ED.
260 ## - PUBLICATION, DISTRIBUTION, ETC. (IMPRINT)
Place of publication NEW DELHI
Name of publisher WOLTERS KLUWER
Year of publication 2022
300 ## - PHYSICAL DESCRIPTION
Number of Pages 461;P
650 ## - SUBJECT ADDED ENTRY--TOPICAL TERM
Topical Term BMLT
942 ## - ADDED ENTRY ELEMENTS (KOHA)
Koha item type Books
Holdings
Lost status Damaged status Collection code Home library Current library Date acquired Source of acquisition Cost, normal purchase price Full call number Accession Number Koha item type Shelving location
    Bachelor of Medical Laboratory Technology JRU Library JRU Library 30/08/2024 PURCHASE 1775.00 615.1 28395 Books  
    Bachelor of Medical Laboratory Technology JRU Library JRU Library 30/08/2024 PURCHASE 1775.00 615.1 28396 Books SHELF-106-D